| 000 | 00728cam a2200241Ki 4500 | ||
|---|---|---|---|
| 008 | |||
| 020 | _a9781439851043 (hbk.) | ||
| 049 | _aMAIN | ||
| 090 |
_aQA371 _bDOB |
||
| 100 | 1 | _aDobrushkin, Vladimir A. | |
| 245 | 1 | 0 |
_aApplied differential equations : _bthe primary course / _cVladimir A. Dobrushkin. |
| 260 |
_aBoca Raton : _bCRC Press, _c2015. |
||
| 300 |
_axvi, 713 p. : _bill. ; _c25 cm. |
||
| 440 | _aTextbooks in mathematics. | ||
| 650 | 0 | _aDifferential equations. | |
| 650 | 0 | _aLegendre's polynomials. | |
| 650 | 0 | _aBessel functions. | |
| 907 |
_a.b10386762 _b09-11-17 _c08-11-17 |
||
| 003 | |||
| 005 | 20230123122321.0 | ||
| 040 | _cNUST | ||
| 942 |
_cBOOKS _kQA371 _mDOB |
||
| 999 |
_c131558 _d131558 |
||